| 000 | 01192nam a2200229Ia 4500 | ||
|---|---|---|---|
| 001 | L854-50003 | ||
| 003 | IT-CnALBA | ||
| 008 | 170116s9999||||xx |||||||||||||| ||und|| | ||
| 040 |
_aIT-CnALBA _cIT-CnALBA |
||
| 041 | _aITALIANO | ||
| 100 | _aCAPONNETTO ANTONIO | ||
| 245 | 0 | _aFORME DEL MUTAMENTO. | |
| 250 | _a1a ed. | ||
| 260 |
_aPASIAN DI PRATO (UD) _bCAMPANOTTO E. EDIT _c1998 [1° Ed.:1998 - Ed.Ling.Originale: 1998] |
||
| 300 | _a88 p. | ||
| 500 | _aPREFAZIONE DI CONTI F. VIANDANTE ALLA SCELTA DI UNA STELLA. DIO E UOMO. BONHEUR. AGGUATO. SORTILEGIO. L'AZALEA. VIAGGIO. BREZZA. SULLA STRADA. L'APPRODO. IN PRINCIPIO. CAINO. IL CAFFÈ DEL MATTINO. DA STRASBURGO. LA META. NOSTALGIE. LA CATTIVA POESIA. VERS | ||
| 501 | _aSocietà San Paolo EM - Piazza San Paolo, 14 - 12051 ALBA (CN) (non commercial uses only) ® Copyright 2017 | ||
| 520 | _aPREFAZIONE DI CONTI F. VIANDANTE ALLA SCELTA DI UNA STELLA. DIO E UOMO. BONHEUR. AGGUATO. SORTILEGIO. L'AZALEA. VIAGGIO. BREZZA. SULLA STRADA. L'APPRODO. IN PRINCIPIO. CAINO. IL CAFFÈ DEL MATTINO. DA STRASBURGO. LA META. NOSTALGIE. LA CATTIVA POESIA. VERS | ||
| 650 | _aSAGGISTICA ITALIANA | ||
| 942 | _cBK | ||
| 957 | _71 | ||
| 999 |
_a56527 _bNO _g Copie: 1 _c308914 _d308914 |
||